Entry Nombre personal
001 - NÚMERO DE CONTROL
- campo de control: 175419
003 - IDENTIFICADOR DE NÚMERO DE CONTROL
- campo de control: OSt
005 - FECHA Y HORA DE LA ÚLTIMA TRANSACCIÓN
- campo de control: 20230222193321.0
008 - ELEMENTOS DE DATO DE LONGITUD-FIJA
- campo de control de longitud fija: 221008 n adnnnaa|n a aaa d
040 ## - FUENTE DE CATALOGACIÓN
- Centro catalogador/agencia de origen: OSt
- Centro/agencia transcriptor: OSt
100 0# - ENCABEZAMIENTO-NOMBRE DE PERSONA
- Nombre de persona: Isabel
- Numeración: I,
- Títulos y otros términos asociados al nombre: Reina de Castilla
400 0# - TRAZADO DE VÉASE--NOMBRE DE PERSONA
- Nombre de persona: Isabel,
- Títulos y otros términos asociados al nombre: la Católica, Reina de España
400 0# - TRAZADO DE VÉASE--NOMBRE DE PERSONA
- Nombre de persona: Isabel
- Numeración: I,
- Títulos y otros términos asociados al nombre: Reina de España
400 0# - TRAZADO DE VÉASE--NOMBRE DE PERSONA
- Nombre de persona: Isabel
- Numeración: I,
- Títulos y otros términos asociados al nombre: Reina consorte de Fernando II, Rey de Aragón
